| 000 | 00338nam a22001457a 4500 | ||
|---|---|---|---|
| 020 | _a9780582236325 | ||
| 040 | _cNust | ||
| 082 |
_a621.433 _bCOH'G |
||
| 100 |
_aH Chohen _9127124 |
||
| 245 | _aGas Turbine theory | ||
| 250 | _a4th Edition | ||
| 260 |
_aUK: _bLogman, _c1996. |
||
| 650 |
_aGas Turbine theory _961700 |
||
| 942 |
_2ddc _cBK |
||
| 999 |
_c612405 _d612405 |
||